2022 All-Star Football Team - Statistics

General Stats
  • This quiz has been taken 3 times
  • The average score is 10 of 15
Answer Stats
Pos Player Club County % Correct
MD Conor Glass Watty's Graham's Glen Derry
100%
FF Damien Comer Annaghdown Galway
100%
RCF David Clifford Fossa/East Kerry Kerry
100%
RWF Paudie Clifford Fossa/East Kerry Kerry
100%
LCF Shane Walsh Kilkerrin-Clonberne Galway
100%
RCB Chrissy McKaigue Slaughtneil Derry
67%
LWB Gavin White Dr. Crokes Kerry
67%
FB Jason Foley Ballydonoghue Kerry
67%
LCB Liam Silke Corofin Galway
67%
GK Shane Ryan Rathmore Kerry
67%
MD Cillian McDaid Monivea Abbeyknockmoy Galway
33%
CB John Daly Mountbellew-Moylough Galway
33%
CF Seán O'Shea Kenmare Shamrocks Kerry
33%
RWB Tadhg Morley Templenoe Kerry
33%
LWF Ciarán Kilkenny Castleknock Dublin
0%
No matching quizzes found
Score Distribution
Percent of People with Each Score
Percentile by Number Answered
Your Score History
You have not taken this quiz